| 000 | 00649nam a22001817a 4500 | ||
|---|---|---|---|
| 999 |
_c188091 _d188091 |
||
| 005 | 20220510112414.0 | ||
| 010 | _aENG-132574 | ||
| 020 |
_a9788193418857 _c900.00 |
||
| 035 | _aEN-116106 | ||
| 037 | _bDBAD/PUB | ||
| 082 |
_a954.880359 _b1 |
||
| 100 | _aSareen, T R | ||
| 245 |
_aAndaman and Nicobar Islands: _bUnder Japanese Occupation During WWII/ _cT R Sareen |
||
| 260 |
_aNew Delhi _bLife Span Publishers and Distributors _c2018 |
||
| 270 |
_a4782/23, Ansari Road, Daryaganj _bNew Delhi _e110002 _mlifespandelhi@gmail.com _k9811597982, 9873410247 |
||
| 300 |
_axii,270p _c22cm(hbk) _bIndex |
||
| 942 |
_2ddc _cEN _h954.880359 _mSAR |
||